[Event "Open FIDE"]
[Site "Caorle ITA"]
[Date "1993.07.??"]
[Round "1"]
[White "Palmiotto, Fiorentino"]
[Black "Leoncini, Mario"]
[Result "1/2-1/2"]
[WhiteElo "2051"]
[BlackElo "2250"]
[PlyCount "35"]
[EventDate "1993.07.02"]

1. e4 c5 2. Nf3 Nc6 3. c3 d5 4. exd5 Qxd5 5. d4 cxd4 6. cxd4 e5 7. Nc3 Bb4 8.
Be3 exd4 9. Nxd4 Nge7 10. Nxc6 Qxd1+ 11. Rxd1 Nxc6 12. Bb5 O-O 13. O-O Bxc3 14.
bxc3 Be6 15. Rd2 Rfc8 16. Rfd1 h6 17. f3 a6 18. Bxc6 1/2-1/2

[Event "Open FIDE"]
[Site "Caorle ITA"]
[Date "1993.07.??"]
[Round "2"]
[White "Facchetti, Gianni"]
[Black "Becx, Cesar"]
[WhiteElo "2127"]
[BlackElo "2260"]
[Result "1-0"]
[PlyCount "52"]
[EventDate "1993.07.02"]

1. e4 e5 2. Nf3 Nc6 3. c3 Nf6 4. Bb5 d6 5. Qe2 Bd7 6. d3 Be7 7. Nbd2 O-O 8. Nf1
a6 9. Ba4 h6 10. Ng3 Nh7 11. Bb3 Bf6 12. Nd2 Ne7 13. Ndf1 Ng6 14. Nh5 Bg5 15.
Ne3 Bxe3 16. Bxe3 Qh4 17. h3 Nf4 18. Nxf4 exf4 19. Bd2 Be6 20. O-O-O Rae8 21.
Qf3 g5 22. g3 g4 23. Qxf4 Qg5 24. Bxe6 Qxf4 25. Bxf4 Rxe6 26. hxg4 Rg6 1-0

[Event "Open FIDE"]
[Site "Caorle ITA"]
[Date "1993.07.??"]
[Round "2"]
[White "Pavicic, Zeljko"]
[Black "Borgato, Massimo"]
[Result "1-0"]
[WhiteElo "2420"]
[BlackElo "2107"]
[PlyCount "74"]
[EventDate "1993.07.02"]

1. e4 c5 2. c3 b6 3. d4 Bb7 4. e5 Nc6 5. Nf3 e6 6. Be2 d6 7. dxc5 bxc5 8. exd6
Bxd6 9. Nbd2 Nf6 10. Nc4 Bc7 11. Be3 Qe7 12. Qa4 O-O-O 13. Qa3 Rd5 14. Nfd2 Ne5
15. Nxe5 Rxe5 16. Nc4 Nd5 17. Qxa7 Rxe3 18. fxe3 Qh4+ 19. g3 Qe4 20. O-O-O Nxe3
21. Nxe3 Qxe3+ 22. Rd2 Bb8 23. Qa4 Rd8 24. Rhd1 f5 25. Ba6 Bc7 26. Bxb7+ Kxb7
27. Kc2 Rxd2+ 28. Rxd2 f4 29. Qb5+ Kc8 30. gxf4 Qe4+ 31. Kb3 Qxf4 32. Re2 Qf1
33. Qe8+ Kb7 34. Qxe6 Qd1+ 35. Ka3 c4 36. Qxc4 Bd6+ 37. b4 Qc1+ 1-0

[Event "Open FIDE"]
[Site "Caorle ITA"]
[Date "1993.07.??"]
[Round "2"]
[White "Tamai, Roberto"]
[Black "Nurkic, Sahbaz"]
[Result "0-1"]
[WhiteElo "2295"]
[BlackElo "2395"]
[PlyCount "70"]
[EventDate "1993.07.02"]

1. e4 g6 2. Bc4 Bg7 3. Qf3 e6 4. d4 Bxd4 5. Ne2 Bg7 6. Nbc3 Nc6 7. Qg3 Nf6 8.
Bg5 h6 9. Bxf6 Bxf6 10. O-O-O d6 11. Kb1 Bd7 12. Qe3 a6 13. f4 b5 14. Bb3 Qe7
15. a3 Bg7 16. Rhe1 Rb8 17. Qd3 O-O 18. e5 d5 19. Bxd5 b4 20. Bb3 Rfd8 21. axb4
Nxb4 22. Qc4 Bc6 23. g3 a5 24. Rxd8+ Rxd8 25. Nd4 Ba8 26. Ba4 c5 27. Nb3 Bf8
28. Rd1 Rxd1+ 29. Nxd1 Qb7 30. Qe2 Qh1 31. Qd2 Bf3 32. Kc1 c4 33. Nxa5 Bxd1 34.
Qxd1 Na2+ 35. Kd2 c3+ 0-1

[Event "Open FIDE"]
[Site "Caorle ITA"]
[Date "1993.07.??"]
[Round "3"]
[White "Ruggeri, Pietro"]
[Black "Castelfranchi, Carlo"]
[WhiteElo "1963"]
[BlackElo "2215"]
[Result "1-0"]
[PlyCount "45"]
[EventDate "1993.07.02"]

1. e4 Nf6 2. Nc3 d5 3. exd5 Nxd5 4. Nge2 Nc6 5. g3 Bg4 6. Bg2 Nd4 7. f3 Bxf3 8.
Bxf3 Nxf3+ 9. Kf2 Ng5 10. d4 Nxc3 11. Nxc3 Ne6 12. d5 Nc5 13. b4 Nd7 14. Bf4 e5
15. dxe6 fxe6 16. Re1 Be7 17. Qh5+ Kf8 18. Rad1 Bxb4 19. Qf3 Qf6 20. Rxd7 Bxc3
21. Red1 Re8 22. R1d3 Ba5 23. Be5 1-0

[Event "Open FIDE"]
[Site "Caorle ITA"]
[Date "1993.07.??"]
[Round "3"]
[White "Stassi, Emilio"]
[Black "Leoncini, Mario"]
[WhiteElo "2121"]
[BlackElo "2250"]
[Result "1/2-1/2"]
[PlyCount "49"]
[EventDate "1993.07.02"]

1. d4 d5 2. c4 e6 3. Nc3 Nf6 4. Bg5 Be7 5. e3 O-O 6. Nf3 b6 7. Rc1 Bb7 8. Bxf6
Bxf6 9. cxd5 exd5 10. Bd3 c5 11. O-O Nd7 12. Re1 Re8 13. b4 c4 14. Bb1 Nf8 15.
h3 Rc8 16. Rc2 Be7 17. a3 Bd6 18. Rce2 Qd7 19. Rd2 Ng6 20. Ne5 Nxe5 21. dxe5
Bxe5 22. Nxd5 Qe6 23. e4 b5 24. Re3 a6 25. Bc2 1/2-1/2

[Event "Open FIDE"]
[Site "Caorle ITA"]
[Date "1993.07.??"]
[Round "4"]
[White "Zelcic, Robert"]
[Black "Bartels, Hans A."]
[Result "1-0"]
[WhiteElo "2450"]
[BlackElo "2335"]
[PlyCount "65"]
[EventDate "1993.07.02"]

1. e4 c6 2. d4 d5 3. e5 Bf5 4. h4 h5 5. Nc3 e6 6. Bd3 Bxd3 7. Qxd3 Qb6 8. Bg5
Qa6 9. Qd2 c5 10. Nf3 cxd4 11. Ne2 Nd7 12. O-O Ne7 13. Nexd4 Nc6 14. a4 Nxd4
15. Nxd4 Qb6 16. a5 Qa6 17. c4 Qxc4 18. Rfc1 Qb4 19. Qc2 Nc5 20. a6 Nxa6 21.
Rxa6 Qxd4 22. Qc7 Bb4 23. Rxe6+ fxe6 24. Qxg7 Rf8 25. Be3 Qg4 26. Qxb7 Rd8 27.
Rc7 Qd1+ 28. Kh2 Qa4 29. Bg5 Rxf2 30. Re7+ Kf8 31. Bh6+ Kg8 32. Re8+ Rxe8 33.
Qg7# 1-0

[Event "Open FIDE"]
[Site "Caorle ITA"]
[Date "1993.07.??"]
[Round "5"]
[White "Leoncini, Mario"]
[Black "Wagman, Stuart"]
[WhiteElo "2250"]
[BlackElo "2225"]
[Result "1/2-1/2"]
[PlyCount "123"]
[EventDate "1993.07.02"]

1. e4 e5 2. Nf3 Nc6 3. Bb5 Nf6 4. d3 d6 5. O-O Bd7 6. c3 Be7 7. Nbd2 O-O 8. Re1
Qe8 9. Nf1 Kh8 10. Ba4 Bd8 11. Bc2 Ne7 12. h3 c6 13. d4 Bc7 14. Bg5 Neg8 15.
Ng3 h6 16. Be3 g6 17. Qd2 Kg7 18. Nh2 Bb6 19. f4 Rd8 20. Nf3 Bc8 21. a4 Kh7 22.
a5 Bc7 23. Qf2 a6 24. Rf1 Nd7 25. fxe5 dxe5 26. Bb3 f6 27. Rfd1 Qe7 28. d5 cxd5
29. Bxd5 Rfe8 30. b4 Qg7 31. Nd2 Ne7 32. Bc4 Nf8 33. Rf1 Ne6 34. Qxf6 Nf4 35.
Qxg7+ Kxg7 36. Nb3 Nc6 37. Nc5 Bd6 38. Ne2 Bxc5 39. Bxc5 Be6 40. Bxe6 Nxe6 41.
Be3 Rd3 42. Rf3 Red8 43. Raf1 R8d7 44. Nc1 Rd1 45. Rf7+ Rxf7 46. Rxd1 Nf4 47.
Rd6 Nh5 48. Nd3 Ng3 49. Nc5 Ne2+ 50. Kh2 Nxc3 51. Nxb7 Nxb4 52. Nd8 Re7 53.
Ne6+ Kf7 54. Nc5 h5 55. Nxa6 Nxe4 56. Rb6 Nd5 57. Rb3 Nxe3 58. Rxe3 Nd6 59. Nc5
e4 60. a6 Kf6 61. a7 Rxa7 62. Nxe4+ 1/2-1/2

[Event "Open FIDE"]
[Site "Caorle ITA"]
[Date "1993.07.??"]
[Round "5"]
[White "Stassi, Emilio"]
[Black "Becx, Cesar"]
[Result "0-1"]
[WhiteElo "2121"]
[BlackElo "2260"]
[PlyCount "62"]
[EventDate "1993.07.02"]

1. d4 f5 2. Bg5 h6 3. Bd2 Nf6 4. c4 d6 5. Nc3 e5 6. dxe5 dxe5 7. e4 Bc5 8. Qc2
Nc6 9. Nf3 O-O 10. O-O-O Nd4 11. Nxd4 exd4 12. e5 Ng4 13. Bf4 Nxf2 14. Na4 Nxd1
15. Nxc5 Ne3 16. Qb3 Nxf1 17. Rxf1 b6 18. Nd3 c5 19. Bg3 g5 20. Qd1 Be6 21. Qh5
Kg7 22. b3 Qe8 23. Qe2 a5 24. a4 Qf7 25. h4 Rae8 26. Kb2 Qg6 27. h5 Qf7 28. Be1
Qb7 29. Kc1 Qe4 30. Kd2 Qxe2+ 31. Kxe2 f4 0-1

[Event "Open FIDE"]
[Site "Caorle ITA"]
[Date "1993.07.??"]
[Round "6"]
[White "Kljako, Damir"]
[Black "Leoncini, Mario"]
[Result "0-1"]
[WhiteElo "2295"]
[BlackElo "2250"]
[PlyCount "74"]
[EventDate "1993.07.02"]

1. d4 d5 2. Nf3 Nf6 3. c4 e6 4. Nc3 Be7 5. Bg5 O-O 6. e3 h6 7. Bh4 b6 8. Qc2
Bb7 9. h3 Nbd7 10. Be2 c5 11. O-O dxc4 12. dxc5 Bxc5 13. Bxc4 Rc8 14. Qb3 Bd6
15. Rfd1 Qe7 16. Nb5 Bb8 17. Nbd4 Nc5 18. Qa3 Rfd8 19. Nd2 g5 20. Bg3 Bxg3 21.
fxg3 Qc7 22. Nf1 a5 23. Be2 Nfe4 24. g4 Ng3 25. Bf3 Bxf3 26. Nxf3 Nce4 27. Nxg3
Qxg3 28. Rxd8+ Rxd8 29. Rf1 Nd2 30. Nh2 Nxf1 31. Nxf1 Rd1 32. Qb3 Qe1 33. Qc4
Rd2 34. Qc8+ Kh7 35. Qb7 Qf2+ 36. Kh2 Qxf1 37. Qe4+ Kg8 0-1

[Event "Open FIDE"]
[Site "Caorle ITA"]
[Date "1993.07.??"]
[Round "7"]
[White "Leoncini, Mario"]
[Black "Stupar, Slavoljub"]
[Result "1/2-1/2"]
[WhiteElo "2250"]
[BlackElo "2185"]
[PlyCount "72"]
[EventDate "1993.07.02"]

1. e4 c5 2. c3 e6 3. d4 cxd4 4. cxd4 d5 5. exd5 exd5 6. Nf3 Bd6 7. Bd3 Nf6 8.
O-O O-O 9. Bg5 h6 10. Bh4 Nc6 11. Nc3 Be7 12. Rc1 Nh7 13. Bxe7 Nxe7 14. Qb3 Nf6
15. Rfe1 Nc6 16. h3 Qd6 17. Bb1 a6 18. Na4 b5 19. Nc5 Ra7 20. Qc2 Re7 21. Nd3
Rxe1+ 22. Ndxe1 Bd7 23. Nd3 Nb4 24. Qc5 Qxc5 25. Rxc5 Nxd3 26. Bxd3 Rc8 27. b4
Rxc5 28. dxc5 Kf8 29. h4 Ke7 30. Nd4 Ne4 31. Kf1 Nc3 32. a3 g6 33. Ke1 Na4 34.
Kd2 Nb2 35. Kc2 Nc4 36. Bxc4 dxc4 1/2-1/2